header

Using your executive coach (Record no. 232381)

MARC details
000 -LEADER
fixed length control field 01278nam a2200337Ia 4500
082 04 - DEWEY DECIMAL CLASSIFICATION NUMBER
Classification number 658.4/0785
100 1# - MAIN ENTRY--AUTHOR NAME
Personal name Hart, E. Wayne,
245 10 - TITLE STATEMENT
Title Using your executive coach
260 ## - PUBLICATION, DISTRIBUTION, ETC. (IMPRINT)
Place of publication Greensboro, N.C. :
Name of publisher Center for Creative Leadership,
Year of publication c2001.
300 ## - PHYSICAL DESCRIPTION
Number of Pages 30 p.
490 1# - SERIES STATEMENT
Series statement Ideas into action guidebooks
650 #0 - SUBJECT ADDED ENTRY--TOPICAL TERM
Topical Term Business consultants.
Topical Term Executives
700 1# - ADDED ENTRY--PERSONAL NAME
Personal name Kirkland, Karen.
856 40 - ELECTRONIC LOCATION AND ACCESS
Uniform Resource Identifier http://site.ebrary.com/lib/rucke/Doc?id=10185370

No items available.

© 2026 Rongo University
Contact us: librarian | system librarian | Rongo university